Freudova neurofyziologie mysli /

Hlavní autor: Polák, Michal, 1976-
Jazyk: Čeština
Vydáno: Červený Kostelec : Pavel Mervart, 2015
Vydání: 2. vydání
Edice: Hermés (Pavel Mervart)
Témata:
ego
Fyzický popis: 148 stran : ilustrace ; 21 cm
Language note: Anglické resumé
Knihy
Uloženo v:
LEADER 02716nam a2200793 i 4500
001 nkc20152720110
003 CZ PrNK
005 20180607125222.0
007 ta
008 150715s2015 xr a f 001 0dcze
015 |a cnb002720110 
020 |a 978-80-7465-140-3  |q (brožováno)  |z 978-807465137-3 
035 |a (OCoLC)934899593 
040 |a ABA001  |b cze  |e rda 
041 0 |a cze  |b eng 
045 |a w8x0 
072 7 |a 159.9  |x Psychologie  |2 Konspekt  |9 17 
080 |a 82-6  |2 MRF 
080 |a 616.89-051  |2 MRF 
080 |a 612.821  |2 MRF 
080 |a 159.91  |2 MRF 
080 |a 159.922  |2 MRF 
080 |a 612.821.2  |2 MRF 
080 |a 159.953  |2 MRF 
080 |a 130.31  |2 MRF 
080 |a 159.923.2  |2 MRF 
080 |a 159.9:165.64  |2 MRF 
080 |a 159.964.2  |2 MRF 
080 |a (048.8)  |2 MRF 
100 1 |a Polák, Michal,  |d 1976-  |7 mzk2006342943  |4 aut 
245 1 0 |a Freudova neurofyziologie mysli /  |c Michal Polák 
250 |a 2. vydání 
264 1 |a Červený Kostelec :  |b Pavel Mervart,  |c 2015 
300 |a 148 stran :  |b ilustrace ;  |c 21 cm 
336 |a text  |b txt  |2 rdacontent 
337 |a bez média  |b n  |2 rdamedia 
338 |a svazek  |b nc  |2 rdacarrier 
490 1 |a Hermés ;  |v sv. 4 
504 |a Obsahuje bibliografii, bibliografické odkazy a rejstříky 
546 |a Anglické resumé 
600 1 7 |a Freud, Sigmund,  |d 1856-1939  |7 jk01031841  |2 czenas 
648 7 |a 19.-20. století  |7 ch757015  |2 czenas 
648 4 |a 1887-1902 
650 0 7 |a psychiatři  |7 ph124779  |y 19.-20. století  |2 czenas 
650 0 7 |a soukromá korespondence  |7 ph180950  |y 19.-20. století  |2 czenas 
650 0 7 |a neuropsychologie  |7 ph115446  |2 czenas 
650 0 7 |a vědomí  |7 ph127380  |2 czenas 
650 0 7 |a paměť  |7 ph123922  |2 czenas 
650 0 7 |a mysl  |7 ph123071  |2 czenas 
650 0 7 |a ego  |7 ph137003  |2 czenas 
650 0 7 |a empirická psychologie  |7 ph167620  |2 czenas 
650 0 7 |a psychoanalýza  |7 ph117255  |2 czenas 
650 0 9 |a psychiatrists  |y 19th-20th centuries  |2 eczenas 
650 0 9 |a private correspondence  |y 19th-20th centuries  |2 eczenas 
650 0 9 |a neuropsychology  |2 eczenas 
650 0 9 |a consciousness  |2 eczenas 
650 0 9 |a memory  |2 eczenas 
650 0 9 |a mind  |2 eczenas 
650 0 9 |a ego  |2 eczenas 
650 0 9 |a empirical psychology  |2 eczenas 
650 0 9 |a psychoanalysis  |2 eczenas 
655 7 |a monografie  |7 fd132842  |2 czenas 
655 9 |a monographs  |2 eczenas 
830 0 |a Hermés (Pavel Mervart)  |0 s 
910 2 |a BOA001  |b 2-1368.647 
990 |a BK 
995 |a 01 
996 6 |b 2610670805  |c 2-1368.647  |l MZK  |r Sklad / do 1 hodiny  |n 0  |p p.v.  |w 001561998  |u 000010  |a 1  |e BOA001  |j MZK50  |s P 
996 7 |b 2610745979  |c 2-1368.647  |l Vol.výběr  |r VV 0p  |n 3  |p kup  |h 159.96 POL  |w 001561998  |u 000020  |a 0  |e BOA001  |j MZK50  |s A